000 00326cam a2200133ua 4500
999 _c14838
_d14838
020 _a8120004221
082 _a532
_bJAG/FL
100 _aJagdish, Lal.
_91655
245 _aFluid mechanics and hydraulics/
250 _a9
260 _aNew Delhi :
_bMetropolitan Book Co.private Ltd ,
_c2014
300 _a1048p
942 _cBK